Environmental assessment and land protection plan, Ni-les'tun Unit : Bandon Marsh National Wildlife Refuge, Coos County, Oregon.

Bibliographic Details
Corporate Authors: U.S. Fish and Wildlife Service, U.S. Fish and Wildlife Service. Oregon Coastal Field Office
Format: Government Document Book
Language:English
Published: [Washington, D.C.?] : U.S. Fish & Wildlife Service, [1999]
Subjects:

MARC

Tag First Indicator Second Indicator Subfields
LEADER 00000cam a2200000 a 4500
001 in00000006697
005 20150930080013.0
008 991110s1999 dcub b f000 0 eng d
035 |a (OCoLC)42799967 
035 |9 AJK9111AM 
040 |a DGPO  |c DGPO  |d DLC  |d MvI  |d UtOrBLW 
043 |a n-us-or 
049 |a UDOC 
074 |a 0612-A-03 
086 0 |a I 49.113:B 22 
110 2 |a U.S. Fish and Wildlife Service. 
245 1 0 |a Environmental assessment and land protection plan, Ni-les'tun Unit :  |b Bandon Marsh National Wildlife Refuge, Coos County, Oregon. 
246 3 0 |a Ni-les'tun Unit 
246 3 0 |a Bandon Marsh National Wildlife Refuge, Coos County, Oregon 
264 1 |a [Washington, D.C.?] :  |b U.S. Fish & Wildlife Service,  |c [1999] 
300 |a 1 volume (various pagings) :  |b maps (some color) ;  |c 28 cm. 
336 |a text  |b txt  |2 rdacontent 
337 |a unmediated  |b n  |2 rdamedia 
338 |a volume  |b nc  |2 rdacarrier 
500 |a Cover title. 
500 |a Shipping list number: 99-0374-P. 
500 |a "September 1999"--P. [4] of cover. 
500 |a Shipping List #: 99-0374-P 
500 |a Shipping List Date: 09/23/99 
504 |a Includes bibliographical references (p. R-1 - R-2). 
505 0 |a Environmental assessment, Ni-les'tun Unit addition / prepared by U.S. Fish and Wildlife Service, Oregon Coastal Field Office -- Land protection plan, Ni-les'tun Unit addition / prepared by U.S. Fish and Wildlife Service, Oregon Coastal Field Office. 
651 0 |a Bandon Marsh National Wildlife Refuge (Or.) 
650 0 |a Wildlife refuges  |x Environmental aspects  |z Oregon  |z Coos County. 
650 0 |a Fishes  |x Conservation  |z Oregon  |z Coos County. 
650 0 |a Wildlife conservation  |z Oregon  |z Coos County. 
710 2 |a U.S. Fish and Wildlife Service.  |b Oregon Coastal Field Office. 
999 |a MARS 
999 f f |s 3732c6f9-76d3-317f-9875-3039e882093e  |i 84b41802-648b-358f-9870-a6f8016c384a  |t 0 
952 f f |p normal  |a Texas A&M University  |b College Station  |c Sterling C. Evans Library  |d Evans: US Documents (Annex 5th floor)  |t 0  |e I 49.113:B 22  |h Superintendent of Documents classification  |i unmediated -- volume  |m A14824310898 
998 f f |a I 49.113:B 22  |t 0  |l Evans: US Documents (Annex 5th floor)